000 00714nam a22002177a 4500
999 _c61322
_d61322
005 20240212145256.0
008 240212s2022 enk||||| |||| 00| 0 eng d
020 _a9780393539158x
041 _aeng
080 _a52.6 P-17
100 _aPalen, S.
_921217
245 _a21ST CENTURY ASTRONOMY :
_bStars and Galaxies /
_cStacy Palen, George Blumenthal.
250 _aSeventh Edition
264 _aNew York :
_bW.W. Norton & Company,
_c2022.
300 _a710 p. :
_bill. ;
_c28 cm.
653 _aასტრონომია
653 _aგალაქტიკა
653 _aვარსვლავები
700 _aBlumenthal, George
_eავტორი
_921218
942 _2udc
_cᲬᲘᲒᲜᲘ